000 00310nam a22001337a 4500
082 _a823
_bORC/S
100 _aORCZY, BARONESS
245 _aTHE SCARLET PIMPERNEL
260 _aNEW DELHI
_bVIKAS PUBLISHING HOUSE PVT. LTD
_c1988
300 _a134
520 _aSHORT STORY
650 _aSHORT STORY
942 _cBK
999 _c4001
_d4001